Normal view MARC view
  • Fatima, Hamayal

Entry Personal Name

Number of records used in: 1

001 - CONTROL NUMBER

  • control field: 130976

003 - CONTROL NUMBER IDENTIFIER

  • control field: NUST

005 - DATE AND TIME OF LATEST TRANSACTION

  • control field: 20251008102412.0

008 - FIXED-LENGTH DATA ELEMENTS

  • fixed length control field: 251008|| aca||aabn | a|a d

040 ## - CATALOGING SOURCE

  • Original cataloging agency: NUST
  • Transcribing agency: NUST

100 ## - HEADING--PERSONAL NAME

  • Personal name: Fatima, Hamayal

670 ## - SOURCE DATA FOUND

  • Source citation: Work cat.: (NUST): Fatima, Hamayal, Organizational Capability to Adopt Digital Transformation and its Effect on Firm’s Performance/
© 2023 Central Library, National University of Sciences and Technology. All Rights Reserved.